000 nam a22 7a 4500
999 _c8880
_d8880
008 180120b ||||| |||| 00| 0 eng d
100 _aJacob A
_93362
245 _aLab Skills Science
260 _aNew Delhi
_bArya Publication
_c2007